Geography Quiz

Random Geography or Year Quiz

World's Richest Country by Year Quiz Stats

Quiz not verified by Sporcle

Challenge
Share
Tweet
Embed
Score 0/109 Timer 03:00
0 Plays Today
Year Country % Correct
1901United States
99.3%
1902United States
99.3%
1903United States
99.3%
1904United States
99.3%
1905United States
99.3%
1906United States
99.3%
1907United States
99.3%
1908United States
99.3%
1909United States
99.3%
1910United States
99.3%
1911United States
99.3%
1912United States
99.3%
1913United States
99.3%
1914United States
99.3%
1915United States
99.3%
1916United States
99.3%
1917United States
99.3%
1918United States
99.3%
1919United States
99.3%
1920United States
99.3%
1921United States
99.3%
1922United States
99.3%
1923United States
99.3%
1924United States
99.3%
1925United States
99.3%
1926United States
99.3%
1927United States
99.3%
1928United States
99.3%
1929United States
99.3%
1932Luxembourg
66.6%
1933Luxembourg
66.6%
1934Luxembourg
66.6%
1994Luxembourg
66.6%
1995Luxembourg
66.6%
1996Luxembourg
66.6%
1999Luxembourg
66.6%
2000Luxembourg
66.6%
Year Country % Correct
2001Luxembourg
66.6%
2002Luxembourg
66.6%
2003Luxembourg
66.6%
2005Luxembourg
66.6%
1930Switzerland
63.9%
1931Switzerland
63.9%
1969Qatar*
63.7%
1974Qatar
63.7%
1975Qatar
63.7%
1976Qatar
63.7%
1981Qatar
63.7%
1997Qatar
63.7%
1998Qatar
63.7%
2004Qatar
63.7%
2006Qatar
63.7%
2007Qatar
63.7%
2008Qatar
63.7%
2009Qatar
63.7%
1942Kuwait*
51.5%
1941Kuwait*
51.5%
1943Kuwait*
51.5%
1944Kuwait*
51.5%
1945Kuwait*
51.5%
1946Kuwait*
51.5%
1947Kuwait*
51.5%
1948Kuwait*
51.5%
1949Kuwait*
51.5%
1950Kuwait*
51.5%
1951Kuwait*
51.5%
1952Kuwait*
51.5%
1953Kuwait*
51.5%
1954Kuwait*
51.5%
1955Kuwait*
51.5%
1956Kuwait*
51.5%
1957Kuwait*
51.5%
1958Kuwait*
51.5%
1959Kuwait*
51.5%
Year Country % Correct
1960Kuwait*
51.5%
1961Kuwait
51.5%
1962Kuwait
51.5%
1963Kuwait
51.5%
1964Kuwait
51.5%
1965Kuwait
51.5%
1966Kuwait
51.5%
1967Kuwait
51.5%
1968Kuwait
51.5%
1970Kuwait
51.5%
1971Kuwait
51.5%
1972Kuwait
51.5%
1973Kuwait
51.5%
1935Brunei*
38.5%
1936Brunei*
38.5%
1937Brunei*
38.5%
1938Brunei*
38.5%
1939Brunei*
38.5%
1940Brunei*
38.5%
1977Brunei*
38.5%
1978Brunei*
38.5%
1979Brunei*
38.5%
1980Brunei*
38.5%
1982Brunei*
38.5%
1983Brunei*
38.5%
1984Brunei
38.5%
1985Brunei
38.5%
1986Brunei
38.5%
1987Brunei
38.5%
1988Brunei
38.5%
1989Brunei
38.5%
1990Brunei
38.5%
1991Brunei
38.5%
1992Brunei
38.5%
1993Brunei
38.5%

You're not logged in!

Compare scores with friends on all Sporcle quizzes.
Sign Up with Email
OR
Log In

You Might Also Like...

Show Comments

Extras

Top Quizzes Today


Score Distribution

Your Account Isn't Verified!

In order to create a playlist on Sporcle, you need to verify the email address you used during registration. Go to your Sporcle Settings to finish the process.

Report this User

Report this user for behavior that violates our Community Guidelines.

Details: